Nutrition and you/ (Record no. 14731)

000 -LEADER
fixed length control field 00578nam a22001817a 4500
008 - FIXED-LENGTH DATA ELEMENTS--GENERAL INFORMATION
fixed length control field 161007b xxu||||| |||| 00| 0 eng d
020 ## - INTERNATIONAL STANDARD BOOK NUMBER
International Standard Book Number 9780321696588
020 ## - INTERNATIONAL STANDARD BOOK NUMBER
International Standard Book Number 0321696581
050 ## - LIBRARY OF CONGRESS CALL NUMBER
Classification number RA 784
Item number .B552 2012
100 ## - MAIN ENTRY--PERSONAL NAME
Personal name Blake, Joan Salge
245 ## - TITLE STATEMENT
Title Nutrition and you/
Statement of responsibility, etc. Joan Salge Blake
250 ## - EDITION STATEMENT
Edition statement 2nd ed.
260 ## - PUBLICATION, DISTRIBUTION, ETC. (IMPRINT)
Place of publication, distribution, etc. San Francisco :
Name of publisher, distributor, etc. Pearson Benjamin Cummings,
Date of publication, distribution, etc. ©2012.
300 ## - PHYSICAL DESCRIPTION
Extent xxi, 613p. :
Other physical details ill. ;
Dimensions 27cm.
500 ## - GENERAL NOTE
General note Includes appendix and index.
650 ## - SUBJECT ADDED ENTRY--TOPICAL TERM
Topical term or geographic name as entry element Nutrition
General subdivision textbooks.
942 ## - ADDED ENTRY ELEMENTS (KOHA)
Source of classification or shelving scheme
Koha item type Hard Covered Materials
Classification part RA 784 .B552 2012
Holdings
Withdrawn status Lost status Source of classification or shelving scheme Damaged status Not for loan Home library Current library Shelving location Date acquired Source of acquisition Total Checkouts Full call number Barcode Date last seen Price effective from Koha item type
          MACHAKOS UNIVERSITY LIBRARY MACHAKOS UNIVERSITY LIBRARY Open shelf 07/10/2016 Donation (BFA)   RA 784 .B552 2012 26295 07/06/2019 07/10/2016 Hard Covered Materials
© Machakos University Library, Along The Highway, Machakos Wote Rd, Machakos, Kenya P.O. Box 136 - 90100 Machakos - Kenya

Tel: ( +254 ) 723 805829 OR Fax : 044-20353 OR Email: library@mksu.ac.ke